000 01472nam2a22002891 4500
001 rc\3374899
005 20250609230525.0
021 _aRU
_b80-30051
021 _aRU
_bРг9239-80
035 _a(NLR Aleph) 007544127
090 _a9780672
_c9780672
100 _a20130115d1979 |||y0rusy50 ca
101 0 _arus
102 _aRU
105 _ay z |||||
200 1 _a[Программы численного интегрирования уравнений движения небесных тел в стабилизированной форме
_fЛ.Е. Сухоплюева]
210 _d1979
_aБ. м.
215 _a29 с.
_d20
320 _aБиблиогр.: с. 18
461 0 _1001rc\3374875
_12001#$aАлгоритмы небесной механики$eМатериалы мат. обеспечения ЭВМ$e1-$fИн-т теорет. астрономии АН СССР$v25
_99780624
_cЛенинград
_d1974
_fИн-т теорет. астрономии АН СССР
_nБ. и.
_oМатериалы мат. обеспечения ЭВМ : 1-
_tАлгоритмы небесной механики
_v25
532 1 3 _aПрограммы численного интегрирования уравнений движения небесных тел в стабилизированной форме
700 1 _aСухоплюева
_bЛ.Е.
801 0 _aRU
_bNLR
_gpsbo
801 1 _aRU
_bELAR
_2rusmarc
852 _aNLR
_j74-4/35339
942 _cBOOK
980 _aNB